000 00501nam a2200193Ia 4500
005 20250326144937.0
008 250326s9999 xx 000 0 und d
020 _a81-31402029
037 _aTextbook
040 _aFMSL
_beng
_cFMSL
041 _aeng
_2eng
084 _aX:8Dy7 P6.3
_qFMSL
100 _aICFAI
245 0 _aCase studies in fice
_cICFAI
260 _aHyderabad
_bHyderabad, ICFAI
_c2006
300 _a270p
942 _cTB
_hX:8Dy7 P6.3
999 _c1305733
_d1305733